WTEC panel report on submersibles and marine technologies in Russia's far East and Siberia

Na minha lista:
Detalhes bibliográficos
Formato: Livro
Idioma:Undetermined
Publicado em: Baltimore International Technology Research Institute 1996
Assuntos:
Tags: Adicionar Tag
Sem tags, seja o primeiro a adicionar uma tag!
Thư viện lưu trữ: Trung tâm Học liệu Trường Đại học Cần Thơ
LEADER 00581nam a2200181Ia 4500
001 CTU_99159
008 210402s9999 xx 000 0 und d
082 |a 338.4 
082 |b W958/1996 
245 0 |a WTEC panel report on submersibles and marine technologies in Russia's far East and Siberia 
245 0 |c Brad Mooney ... [et al.] 
260 |a Baltimore 
260 |b International Technology Research Institute 
260 |c 1996 
650 |a Technology transfer,Technologies 
650 |z Russia 
904 |i Giang 
980 |a Trung tâm Học liệu Trường Đại học Cần Thơ